La expresión americana /
Guardat en:
| Autor principal: | |
|---|---|
| Format: | Desconegut |
| Idioma: | Spanish |
| Publicat: |
México :
Fondo de Cultura Centroamericana,
1993.
|
| Matèries: | |
| Etiquetes: |
Afegir etiqueta
Sense etiquetes, Sigues el primer a etiquetar aquest registre!
|
MARC
| LEADER | 000000000a22000000004500 | ||
|---|---|---|---|
| 001 | 001926 | ||
| 020 | |a 9681640071 | ||
| 041 | 0 | |a spa | |
| 082 | 0 | 4 | |a 980 |b L686e |
| 100 | 1 | |a Lezama Lima, José, |d 1910-1976 | |
| 245 | 1 | 3 | |a La expresión americana / |c José Lezama Lima. |
| 260 | 1 | |a México : |b Fondo de Cultura Centroamericana, |c 1993. | |
| 300 | |a 183 páginas ; |c 14x21cm. | ||
| 650 | 4 | |a AMERICA LATINA | |
| 650 | 4 | |a CIVILIZACION | |
| 999 | |c 8571 |d 8571 | ||
| 942 | |c BK |h 980 L686e |2 z | ||



